000 00523nam a2200169 a 4500
001 000040798
005 20201002034404.0
008 130906s2005 sp a 000 0 spa d
020 _a9788449316692
040 _aDO-SdBNP
_bspa
_cBNPHU
082 _axxxx
_bxxx
100 1 _aFuentes, Rodolfo
_967219
245 3 _aLa práctica del diseño gráfico. :
_buna metodología creativa /
_cRodolfo Fuentes.
260 _aBarcelona, España :
_bpaidós,
_c2005.
300 _a181 p. :
_bil. ;
_c23 cm.
504 _aBibliografía p: 169
999 _c40288
_d40288